000
00280nam a22001217a 4500
020
_a
07-002665-4
082
_a
512.9432 AYR'T
100
_a
AYRES, F
_9
77344
245
_a
THOERY AND PROBLEMS OF MATRIXCES
260
_a
NEWYORK
_b
MCGRAW HILL
_c
1962
300
_a
219P
942
_c
BK
999
_c
583215
_d
583215